[Event "Aragon-chT Preferente B"]
[Site "Aragon"]
[Date "2015.02.21"]
[Round "5.60"]
[White "Casanova Aldana, Gabriel"]
[Black "Merin Flores, Miguel Angel"]
[Result "1/2-1/2"]
[WhiteElo "1621"]
[BlackElo "1712"]
[PlyCount "80"]
[EventDate "2015.01.24"]
[EventType "team-tourn"]
[EventRounds "9"]
[EventCountry "ESP"]
[SourceTitle "EXT 2017"]
[Source "ChessBase"]
[SourceDate "2016.10.25"]
[SourceVersion "1"]
[SourceVersionDate "2016.10.25"]
[SourceQuality "1"]
[WhiteTeam "Santa Isabel"]
[BlackTeam "Ejea"]
[WhiteTeamCountry "ESP"]
[BlackTeamCountry "ESP"]

1. e4 c6 2. d4 d5 3. Nd2 Qb6 4. c3 dxe4 5. Nxe4 Nd7 6. Nf3 Ngf6 7. Bd3 Nxe4 8. Bxe4 Nf6 9. Bc2 Bg4 10. Bb3 e6 11. Be3 Nd5 12. 0-0 Bd6 13. c4 Nxe3 14. fxe3 Qd8 15. Qe1 0-0 16. Bd1 Rc8 17. Qh4 Qxh4 18. Nxh4 Bxd1 19. Raxd1 Rcd8 20. b3 Bc7 21. Nf3 Ba5 22. Ng5 Rd7 23. Kf2 Rfd8 24. Ke2 Bc7 25. h3 a5 26. Ne4 Re7 27. Nc3 Ra8 28. a4 Rd8 29. e4 Red7 30. d5 Be5 31. dxc6 bxc6 32. Rxd7 Rxd7 33. Rd1 Rxd1 34. Nxd1 Kf8 35. Ne3 Ke7 36. Nc2 Kd6 37. Kf3 Kc5 38. Ke3 Bh2 39. Kf2 Be5 40. Ke3 Bh2 1/2-1/2